| 000 | 00440nmm a2200157Ia 4500 | ||
|---|---|---|---|
| 008 | 251105s9999||||xx |||||||||||||||||und|| | ||
| 020 | _a9788467196863 | ||
| 041 | _aspa | ||
| 100 | _aKeats, Isabel | ||
| 245 | 0 | _aEl protector | |
| 264 |
_a[Madrid, España] : _bHarlequin, _c[Fecha de publicación no identificada] |
||
| 300 | _a0 páginas | ||
| 650 | _aRomance | ||
| 856 | _uhttps://public.digitaliapublishing.com/a/96273 | ||
| 942 | _cCF | ||
| 999 |
_c83712 _d83712 |
||